000 00318nam a22001337a 4500
008 180220b xxu||||| |||| 00| 0 eng d
020 _a9780130330185
041 _aeng
080 _212 ed
_a330.722.6
100 _a62
101 _akon
245 _ai ntroduction management accouting
_cgary.l.s
942 _2udc
_cBK
999 _c42931
_d42931